000 00662nam a22002055i 4500
001 12228
003 ES-MaACL
005 20230906150252.0
007 t|
008 960110s1994 sp ||||0| spa j
040 _aM-BN
_bspa
_cM-BN
080 _a619:614.23(460)
080 _a614.23(460):619
245 0 3 _aLa veterinaria y los veterinarios ante el año 2000.
260 _a[Madrid] :
_bConsejo General de Colegios Veterinarios de España,
_cD.L. 1994.
300 _a250 p :
_bgráf ;
_c22 cm.
650 4 _aVeterinarios-
_zEspaña.
_917771
710 2 _aConsejo General de Colegios Veterinarios de España.
_93215
852 _aES-MaACL
_jL-19584
_bR.123854
999 _c12228
_d12228